| 000 | 00432nam a2200169 a 4500 | ||
|---|---|---|---|
| 001 | 0000-8847 | ||
| 003 | ELIB.Books | ||
| 008 | 110520 1957 | ||
| 035 | _a(ELIB.Books)0000-8993 | ||
| 082 |
_a220 _bYou |
||
| 100 | _aYoung, Edward J. | ||
| 245 | _aThy Word is Truth | ||
| 260 |
_bMichigan: William B. Eerdmans Publishing Company _c1957 |
||
| 650 | _aBible | ||
| 942 |
_2ddc _cBK |
||
| 998 |
_cbat _e2011-05-20 |
||
| 999 |
_c8847 _d8847 |
||